Statistics for Golden State Warriors 2017-18 Roster

Click here to take the quiz!

General Stats

  • This quiz has been taken 745 times
  • The average score is 12 of 18

Answer Stats

NbrPostPlayer% Correct
30GuardStephen Curry
100%
35ForwardKevin Durant
98%
11GuardKlay Thompson
98%
23ForwardDraymond Green
97%
-Head CoachSteve Kerr
87%
9Guard-ForwardAndre Iguodala
86%
34GuardShaun Livingston
75%
27CenterZaza Pachulia
72%
1CenterJaVale McGee
70%
5ForwardKevon Looney
66%
2ForwardJordan Bell
53%
4GuardQuinn Cook
52%
0GuardPatrick McCaw
50%
15CenterDamian Jones
45%
3ForwardDavid West
45%
6Guard-ForwardNick Young
43%
18ForwardOmri Casspi
26%
25ForwardChris Boucher
21%

Score Distribution

Percentile by Number Answered

Percent of People with Each Score

Your Score History

You have not taken this quiz